000
00329pab a2200145 454500
008
180718b2000 xxu||||| |||| 00| 0 eng d
100
_a
Chatterjee, Nilanjana
245
_a
Corruption and the family
260
_c
2000
300
_a
p.8
362
_a
19 Feb
650
_a
Corruption
773
_a
Young Indian
909
_a
43895
999
_c
43895
_d
43895